000 00457nam a2200157Ia 4500
999 _c24890
_d24890
003 OSt
005 20210112145805.0
008 190216s9999||||xx |||||||||||||| ||und||
040 _coclc
082 _a920
_bSRE/I
100 _aSreedharan, C P
_98296
245 0 _aInnathe Sahithyakaranmar /
_cC P Sreedharan
260 _bSahithya Vedi Publication,
_aKottayam:
_c1969.
300 _a1086p
942 _cBK
_2ddc
_h920
_iSRE/I
_k920
_mSRE/I